| 000 | 00574nom a22002057a 4500 | ||
|---|---|---|---|
| 005 | 20220608182447.0 | ||
| 008 | 170116b xxu||||| |||| 00| 0 spa d | ||
| 041 | _aspa | ||
| 082 | _aModelo de musculatura de cabeza y cuello | ||
| 245 | _aModelo de musculatura de cabeza y cuello | ||
| 260 | _c2016 | ||
| 300 | _bTamaño normal | ||
| 500 | _aSe prestan para el mismo día, hasta las 7:50 pm | ||
| 650 |
_aMUSCULATURA _918766 |
||
| 650 |
_aANATOMÍA _912639 |
||
| 650 |
_aCABEZA _92942 |
||
| 650 |
_aCUELLO _92943 |
||
| 650 |
_aMODELOS ANATÓMICOS _963553 |
||
| 942 | _cMA | ||
| 999 |
_c8758 _d8758 |
||